I Have the Streets : A Kutti Cricket Story (Record no. 43118)

MARC details
000 -LEADER
fixed length control field 00307nam a2200121Ia 4500
008 - FIXED-LENGTH DATA ELEMENTS--GENERAL INFORMATION
fixed length control field 241028s9999 xx 000 0 und d
041 ## - LANGUAGE CODE
Language code of text/sound track or separate title eng
082 ## - DEWEY DECIMAL CLASSIFICATION NUMBER
Classification number 813 ASH
100 ## - MAIN ENTRY--PERSONAL NAME
Personal name Ashwin R.
245 ## - TITLE STATEMENT
Title I Have the Streets : A Kutti Cricket Story
260 ## - PUBLICATION, DISTRIBUTION, ETC.
Name of publisher, distributor, etc. Penguin
Place of publication, distribution, etc. Haryana
Date of publication, distribution, etc. 2024
300 ## - PHYSICAL DESCRIPTION
Extent 173;. P. 23 Cm

No items available.

Designed & Maintained by: LRC IMT Nagpur Contact: lrc@imtnag.ac.in© 2024. All Rights Reserved.